लोड हो रहा है...

Samastha Kerala Sahityaparishathinte Charithram

ग्रंथसूची विवरण
मुख्य लेखक: S K Vasanthan
स्वरूप: ई-पुस्तक
भाषा:Undetermined
प्रकाशित: Kottayam DC Books
विषय:
LEADER 00400nam a2200133Ia 4500
008 161116s9999 xx 000 0 und d
100 |a S K Vasanthan 
245 |a Samastha Kerala Sahityaparishathinte Charithram 
260 |b DC Books  |a Kottayam 
650 |a History 
650 |a Non Fiction 
942 |c EB 
999 |c 118781  |d 118781 
952 |0 0  |1 0  |4 0  |7 0  |9 115538  |a MGUL  |b MGUL  |d 2016-11-16  |l 0  |r 2016-11-16  |w 2016-11-16  |y EB